| 000 | 00572nam a2200181Ia 4500 | ||
|---|---|---|---|
| 008 | 220216s9999 xx 000 0 und d | ||
| 100 | _aVarghese Y A | ||
| 245 | 0 | _aRubber (Hevea brasiliensis) | |
| 260 | _bIn: Biodiversity in Horticultural Crops. V.1 (Eds. K V Peter and Z Abraham), Daya Publishing House, New Delhi, 2007, pp. 340-364. | ||
| 500 | _aSource Year: 2007 | ||
| 650 | _aGenetic diversity | ||
| 650 | _aGenetic resources | ||
| 650 | _aGermplasm | ||
| 650 | _aPlanting materials | ||
| 650 | _aRecommended clones | ||
| 700 | _aAbraham S T | ||
| 942 | _cJS | ||
| 999 |
_c67402 _d67402 |
||